000 00623nam a2200193Ii 4500
003 JO-AjNU
008 230605s9999||||xx |||||||||||||| ||und||
040 _aJO-AjNU
_bara
_erda
_cJO-AjNU
041 _aara
050 1 4 _aBP144.M6498 1961
100 3 _aموسى، محمد يوسف,
_eauthor
_941079
245 0 0 _aالمدخل لدراسة الفقه الإسلامي
264 3 1 _aالقاهرة: دار الفكر العربي، 1961
300 _a254ص
336 _atext
_btxt
_2rdacontent
337 _aunmediated
_bn
_2rdamedia
338 _avolume
_bnc
_2rdacarrier
650 4 _aالفقه الاسلامي
_941080
999 _aA17485
_c21053
_d21053